Szczegóły MARC21

Oxford advanced learner's dictionary of current English /

003 -Nazwa inst., której nr kontr. jest w polu 001 [,]
    • @
    • Nazwa instytucji, której n kontrolny jest w polu 001
    • NUKAT
005 -DATA I CZAS OSTATNIEJ MODYFIKACJI [,]
    • @
    • pole kontrolne
    • 20241231085842.0
020 -Międzynarod. znormalizowany nr książki - ISBN [ , ]
    • a
    • Numer ISBN
    • 0194316513 Find
    • q
    • Dopowiedzenie
    • hardback/CD pack
020 -Międzynarod. znormalizowany nr książki - ISBN [ , ]
    • a
    • Numer ISBN
    • 0194316491 Find
    • q
    • Dopowiedzenie
    • paperback/CD pack
020 -Międzynarod. znormalizowany nr książki - ISBN [ , ]
    • a
    • Numer ISBN
    • 0194316505 Find
    • q
    • Dopowiedzenie
    • hardback
020 -Międzynarod. znormalizowany nr książki - ISBN [ , ]
    • a
    • Numer ISBN
    • 0194001067 Find
    • q
    • Dopowiedzenie
    • US binding paperback/CD pack
020 -Międzynarod. znormalizowany nr książki - ISBN [ , ]
    • a
    • Numer ISBN
    • 0194001016 Find
    • q
    • Dopowiedzenie
    • US binding hardback
020 -Międzynarod. znormalizowany nr książki - ISBN [ , ]
    • a
    • Numer ISBN
    • 0194001024 Find
    • q
    • Dopowiedzenie
    • US binding paperback
020 -Międzynarod. znormalizowany nr książki - ISBN [ , ]
    • a
    • Numer ISBN
    • 0194316068 Find
    • q
    • Dopowiedzenie
    • paperback
020 -Międzynarod. znormalizowany nr książki - ISBN [ , ]
    • a
    • Numer ISBN
    • 9780194316491 Find
    • q
    • Dopowiedzenie
    • paperback/CD pack
020 -Międzynarod. znormalizowany nr książki - ISBN [ , ]
    • a
    • Numer ISBN
    • 9780194316507 Find
    • q
    • Dopowiedzenie
    • hardback
020 -Międzynarod. znormalizowany nr książki - ISBN [ , ]
    • a
    • Numer ISBN
    • 9780194316064 Find
    • q
    • Dopowiedzenie
    • paperback
020 -Międzynarod. znormalizowany nr książki - ISBN [ , ]
    • a
    • Numer ISBN
    • 9780194316514 Find
    • q
    • Dopowiedzenie
    • hardback/CD pack
020 -Międzynarod. znormalizowany nr książki - ISBN [ , ]
    • a
    • Numer ISBN
    • 9780194001069 Find
    • q
    • Dopowiedzenie
    • US binding paperback/CD pack
020 -Międzynarod. znormalizowany nr książki - ISBN [ , ]
    • a
    • Numer ISBN
    • 9780194001014 Find
    • q
    • Dopowiedzenie
    • US binding hardback
020 -Międzynarod. znormalizowany nr książki - ISBN [ , ]
    • a
    • Numer ISBN
    • 9780194001021 Find
    • q
    • Dopowiedzenie
    • US binding paperback
040 -Instytucja sporządzająca opis [ , ]
    • a
    • Instytucja, która sporządziła opis (NP)
    • POZN U/LNBR
    • c
    • Instytucja, która sporządziła rekord (NP)
    • POZN U/DWs
942 -Rodzaj dokumentu [ , ]
    • c
    • Rodzaj dokumentu
    • Książka
100 -Hasło główne - nazwa osobowa [1, ]
    • a
    • Nazwa osobowa (NP)
    • Hornby, Albert Sydney
    • d
    • Daty biograficzne (NP)
    • (1898-1978).
    • 9
    • KHW
    • 57885
245 -Strefa tytułu i oznaczenia odpowiedzialności [1,0]
    • a
    • Tytuł
    • Oxford advanced learner's dictionary of current English / Find
    • c
    • Pozostałe elementy strefy tytułu i oznaczenia odpowiedzialności (NP)
    • A. S. Hornby ; chief ed. Sally Wehmeier ; editors Colin McIntosh, Joanna Turnbull ; phonetics ed. Michael Ashby.
246 -Wariant tytułu [3,0]
    • a
    • Tytuł (NP)
    • Advanced learner's dictionary of current English
250 -Strefa wydania [ , ]
    • a
    • Oznaczenie wydania (NP)
    • 7th ed., 2nd impr.
260 -Strefa adresu wydawniczego [ , ]
    • a
    • Miejsce wydania (P)
    • Oxford :
    • b
    • Nazwa wydawcy (P)
    • Oxford University Press,
    • c
    • Data wydania (P)
    • 2005.
300 -Strefa opisu fizycznego [ , ]
    • a
    • Określenie formy książki i/lub objętość (NP)
    • XII, 1780, 119 s., [8] s. tabl. kolor :
    • b
    • Oznaczenie ilustracji (NP)
    • il. (w tym kolor.) ;
    • c
    • Format (NP)
    • 24 cm +
    • e
    • Oznaczenie dokumentu towarzyszącego (NP)
    • CD-ROM.
336 -Typ zawartości [ , ]
    • a
    • Termin opisujący typ zawartości
    • Tekst
    • b
    • Kod określający zawartość
    • txt
    • 2
    • Źródło (terminu i kodu)
    • rdacontent
337 -Typ mediów [ , ]
    • a
    • Tryb odtwarzania
    • Komputer
    • b
    • Kod typu mediów
    • c
    • 2
    • Źródło (terminu i kodu)
    • rdamedia
337 -Typ mediów [ , ]
    • a
    • Tryb odtwarzania
    • Bez urządzenia pośredniczącego
    • b
    • Kod typu mediów
    • n
    • 2
    • Źródło (terminu i kodu)
    • rdamedia
338 -Typ/rodzaj nośnika [ , ]
    • a
    • Hasło opisujące typ nośnika
    • Wolumin
    • b
    • Kod typu nośnika
    • nc
    • 2
    • Źródło (terminu i kodu)
    • rdacarrier
338 -Typ/rodzaj nośnika [ , ]
    • a
    • Hasło opisujące typ nośnika
    • Dysk komputerowy
    • b
    • Kod typu nośnika
    • cd
    • 2
    • Źródło (terminu i kodu)
    • rdacarrier
538 -Uwaga dot. systemu [ , ]
    • a
    • Uwaga dot. systemu
    • Wymagania systemowe dla dok. towarzyszącego: Windows 98SE/ME/2000/XP and Mac OS 10.2.
650 -Hasło przedmiotowe [ ,7]
    • a
    • Hasło przedmiotowe
    • Język angielski
    • v
    • Określnik formalny
    • słowniki.
    • 2
    • Źródło terminu
    • kaba
    • 9
    • KHW
    • 112996
700 -Hasło dodatkowe - nazwa osobowa [1, ]
    • a
    • Nazwa osobowa (NP)
    • Ashby, Michael. Find
    • e
    • Określenie rodzaju współpracy
    • Red.
    • 9
    • KHW
    • 58764
700 -Hasło dodatkowe - nazwa osobowa [1, ]
    • a
    • Nazwa osobowa (NP)
    • Wehmeier, Sally. Find
    • e
    • Określenie rodzaju współpracy
    • Red.
    • 9
    • KHW
    • 40049
700 -Hasło dodatkowe - nazwa osobowa [1, ]
    • a
    • Nazwa osobowa (NP)
    • McIntosh, Colin Find
    • d
    • Daty biograficzne (NP)
    • (1963- ).
    • e
    • Określenie rodzaju współpracy
    • Red.
    • 9
    • KHW
    • 70265
700 -Hasło dodatkowe - nazwa osobowa [1, ]
    • a
    • Nazwa osobowa (NP)
    • Turnbull, Joanna. Find
    • e
    • Określenie rodzaju współpracy
    • Red.
    • 9
    • KHW
    • 612319
710 -Hasło dodatkowe - nazwa ciała zbiorowego [2, ]
    • a
    • Nazwa ciała zbiorowego lub nazwa geograficzna jako pierwszy element (NP)
    • Oxford University Press.
    • 4
    • Kod relacji
    • pbl
    • 9
    • KHW
    • 612839
920 -ISBN [ , ]
    • a
    • ISBN
    • 0-19-431651-3 Find
    • q
    • Dopowiedzenie
    • hardback/CD pack
920 -ISBN [ , ]
    • a
    • ISBN
    • 0-19-431649-1 Find
    • q
    • Dopowiedzenie
    • paperback/CD pack
920 -ISBN [ , ]
    • a
    • ISBN
    • 0-19-431650-5 Find
    • q
    • Dopowiedzenie
    • hardback
920 -ISBN [ , ]
    • a
    • ISBN
    • 0-19-400106-7 Find
    • q
    • Dopowiedzenie
    • US binding paperback/CD pack
920 -ISBN [ , ]
    • a
    • ISBN
    • 978-0-19-400106-9 Find
    • q
    • Dopowiedzenie
    • US binding paperback/CD pack
920 -ISBN [ , ]
    • a
    • ISBN
    • 0-19-400102-4 Find
    • q
    • Dopowiedzenie
    • US binding paperback
920 -ISBN [ , ]
    • a
    • ISBN
    • 0-19-400101-6 Find
    • q
    • Dopowiedzenie
    • US binding hardback
920 -ISBN [ , ]
    • a
    • ISBN
    • 978-0-19-431649-1 Find
    • q
    • Dopowiedzenie
    • paperback/CD pack
920 -ISBN [ , ]
    • a
    • ISBN
    • 978-0-19-431650-7 Find
    • q
    • Dopowiedzenie
    • hardback
920 -ISBN [ , ]
    • a
    • ISBN
    • 978-0-19-431606-4 Find
    • q
    • Dopowiedzenie
    • paperback
920 -ISBN [ , ]
    • a
    • ISBN
    • 978-0-19-431651-4 Find
    • q
    • Dopowiedzenie
    • hardback/CD pack
920 -ISBN [ , ]
    • a
    • ISBN
    • 0-19-431606-8 Find
    • q
    • Dopowiedzenie
    • paperback
920 -ISBN [ , ]
    • a
    • ISBN
    • 978-0-19-400101-4 Find
    • q
    • Dopowiedzenie
    • US binding hardback
920 -ISBN [ , ]
    • a
    • ISBN
    • 978-0-19-400102-1 Find
    • q
    • Dopowiedzenie
    • US binding paperback
Numer inwentarzowy Lokalizacja Status udost. Sygnatura Data inwentaryzacji
A.7706BM1ANG. Słowniki jęz. ang. 482007-01-12
BC.6893BM-3Ang. Słowniki jęz. ang. 062012-03-30
A.8183BM-3 2008-11-06